Municipalities of Kanagawa - Click Map - Statistics

General Stats
  • This quiz has been taken 225 times
  • The average score is 19 of 33
Answers on the Map
Answers color-coded by a green-red scale on the quiz's map according to % correct below.
 
Answer Stats
Answer % Correct
Yokohama 横浜市 よこはまし
88%
Sagamihara 相模原市 さがみはらし
80%
Kawasaki 川崎市 かわさきし
76%
Kamakura 鎌倉市 かまくらし
72%
Fujisawa 藤沢市 ふじさわし
68%
Hakone 箱根町 はこねまち
68%
Miura 三浦市 みうらし
68%
Yokosuka 横須賀市 よこすかし
68%
Odawara 小田原市 おだわらし
64%
Ninomiya 二宮町 にのみやまち
60%
Yamato 大和市 やまとし
60%
Yugawara 湯河原町 ゆがわらまち
60%
Atsugi 厚木市 あつぎし
56%
Ebina 海老名市 えびなし
56%
Hiratsuka 平塚市 ひらつかし
56%
Isehara 伊勢原市 いせはらし
56%
Manazuru 真鶴町 まなづるまち
56%
Yamakita 山北町 やまきたまち
56%
Zama 座間市 ざまし
56%
Hayama 葉山町 はやままち
52%
Kaisei 開成町 かいせいまち
52%
Minamiashigara 南足柄市 みなみあしがらし
52%
Samukawa 寒川町 さむかわまち
52%
Zushi 逗子市 ずしし
52%
Chigasaki 茅ヶ崎市 ちがさきし
48%
Oi 大井町 おおいまち
48%
Ayase 綾瀬市 あやせし
44%
Hadano 秦野市 はだのし
44%
Matsuda 松田町 まつだまち
44%
Nakai 中井町 なかいまち
44%
Aikawa 愛川町 あいかわまち
40%
Kiyokawa 清川村 きよかわむら
40%
Oiso 大磯町 おおいそまち
32%
No matching quizzes found
Score Distribution
Percent of People with Each Score
Percentile by Number Answered
Your Score History
You have not taken this quiz